000 00409nam a2200121Ia 4500
008 231129s9999||||xx |||||||||||||| ||spa||
020 _a958-33-0646-0
082 _a320.9861 B928d
100 _aBuenahora Febres-Cordero Jaime
245 0 _aLa democracia en Colombia: Un proyecto en construcción
264 _aBogotá Colombia : Tercer Mundo Editores
942 _2ddc
_cBKS
999 _c16838
_d16838